Asistencia y guía a grupos turísticos
Guardat en:
| Autor principal: | |
|---|---|
| Format: | Llibre |
| Idioma: | espanyol |
| Publicat: |
Madrid
Síntesis
2006
|
| Edició: | 1a. ed |
| Col·lecció: | Gestión Turística
|
| Matèries: | |
| Etiquetes: |
Afegir etiqueta
Sense etiquetes, Sigues el primer a etiquetar aquest registre!
|
MARC
| LEADER | 00000nam a2200000 a 4500 | ||
|---|---|---|---|
| 001 | UCI5185 | ||
| 003 | CL-VaPUC | ||
| 008 | 080314e20060000SP |||||||||||||||||spa|d | ||
| 020 | |a 8477384177 | ||
| 082 | 0 | 4 | |a 338.4791 |b PIC |2 21 |
| 100 | 0 | |a Picazo Zamora, Carlos |e author |9 527321 | |
| 245 | 1 | 0 | |a Asistencia y guía a grupos turísticos |
| 250 | |a 1a. ed | ||
| 300 | |a 285 p | ||
| 942 | |c BK | ||
| 945 | |d 20080314 00:00:00 |a jtorresc | ||
| 260 | |a Madrid |b Síntesis |c 2006 | ||
| 650 | 7 | |a GUIA TURISTICAS |2 CL-VaPUC |9 493039 | |
| 650 | 0 | |a Turismo |9 308920 | |
| 650 | 0 | |a Guías de viajes |9 347184 | |
| 650 | 0 | |a Industria turística |9 347913 | |
| 650 | 7 | |a SECTOR DE SERVICIOS |2 CL-VaPUC |9 339319 | |
| 650 | 0 | |a Asistencia |9 527322 | |
| 583 | |a last modification |c 20080314 00:00:00 |k Rodrigo Vera | ||
| 490 | 0 | |a Gestión Turística | |
| 999 | |c 328948 |d 328946 | ||
| 952 | |0 0 |1 0 |4 0 |6 338_479100000000000_PIC_2006 |7 0 |8 A |9 413160 |a BIBING |b BIBING |d 2019-11-22 |i 4658981 |o 338.4791 PIC 2006 |p 4658981 |r 2025-01-20 |w 2019-11-22 |y BK |k GEO | ||